| 000 | 00398nam a2200121 4500 | ||
|---|---|---|---|
| 008 | 010211u2001 mu eng | ||
| 022 | _a10541144 | ||
| 100 | 0 | _aChristina Yount | |
| 245 | 1 | 0 |
_aChildren`s Ministry / _cChristina Yount |
| 260 |
_a1515 Cascade Ave., Loveland, CO 805388681 : _bTim Gilmour, _c2001 |
||
| 440 | 0 | _aChildren`s Ministry | |
| 951 |
_pSRS000000000035 _j070613110953843 _d2000-12-21 |
||
| 999 |
_c3558 _d3558 |
||